00497nam a22001697a 4500003000400000008004100004082001700045100002100062245009900083260006800182300001000250502001700260650001700277650001100294650001100305650001100316OSt260502b |||||||| |||| 00| 0 eng d a635.26bS15G aShree, Sangeeta. aGenotype X Environment Interaction Studies in Garlic (Allium sativum L.) / cby Sangeeta Shree a.- Sabour, Bhagalpurb: Bihar Agricultural College, RAUc, 2002 a103p. bPh. D.d2002 aHorticulture aGarlic aThesis aPh. D.